Science Quiz

Random Science or Animal Quiz
Score 0/20 Timer 04:00
0 Plays Today
% Correct
Zebra
98.9%
Hippopotamus
98.4%
Dromedary Camel
98.2%
Rhinoceros
96.6%
Giraffe
96.1%
Moose
95.4%
American Bison
94%
Llama
92.5%
Red Deer
91%
Mountain Goat
85.8%
% Correct
Wild boar
84.9%
Warthog
79.4%
Bighorn Sheep
77.7%
Reindeer
73.3%
Yak
70.7%
Thompson's Gazelle
70.3%
Tapir
53.4%
Wildebeest
52.3%
Ibex
40.2%
Okapi
32.9%
Remove Ads.
Support Sporcle.
Get the best of Sporcle when you Go Orange. This ad-free experience offers more features, more stats, and more fun while also helping to support Sporcle. Thank you for becoming a member.

You're not logged in!

Compare scores with friends on all Sporcle quizzes.
OR
Log In

Show Comments

Extras

Top Quizzes Today


Score Distribution

Your Account Isn't Verified!

In order to create a playlist on Sporcle, you need to verify the email address you used during registration. Go to your Sporcle Settings to finish the process.

Report this User

Report this user for behavior that violates our Community Guidelines.

Details: